Responses for Show #1734 - Thursday, February 27, 1992

1992 Teen Tournament quarterfinal game 4.

Contestants

[<< previous game]

Jill Young, a junior from Oshkosh, Wisconsin

Trucle Nguyen, a senior from Falls Church, Virginia

Dylan Fulmer, a senior from Alpharetta, Georgia

[next game >>]

Jeopardy! Round responses

FISH
TV SITCOMS
INDIANS
FASHION HISTORY
GEOMETRY
COMPLETES THE PROVERB
    $100 19
an electric eel

Dylan
    $100 1
Growing Pains

Jill
    $100 11
horses

Jill
    $100 24
their hair

Dylan
    $100 6
a straight line

Trucle
    $100 14
fiction

Jill
    $200 20
a cod fish

Trucle
    $200 2
Night Court

Jill
    $200 12
(Alex: Some of the reservations feature [*]; bingo in particular.)

gambling

Triple Stumper
    $200 27
a skirt

Jill
    $200 7
pi

Jill
    $200 15
spoil the child

Trucle
    $300 21
a piranha

Jill
    $300 3
Roseanne

Dylan
    $300 13
the Pueblo Indians

Triple Stumper
    $300 28
a gaiter

Jill
    $300 8
the hypotenuse

Trucle
    $300 16
not as I do

Jill
    $400 22
the guppy

Jill
    $400 4
The Wonder Years

Jill
    $400 25
(Trucle: Who is La Salle?)

de Soto

Trucle
Triple Stumper
    $400 29
Africa

Trucle
    $400 9
180 degrees

Trucle
    $400 17
through his stomach

Trucle
    $500 23
a tuna

Trucle
    $500 5
Murphy Brown

Dylan
    $200 26
Iroquois

Dylan
    $500 30
a hat

Triple Stumper
    $500 10
a heptagon

Dylan
    $500 18
never boils

Trucle

Scores at the first commercial break (after clue 15):

Dylan Trucle Jill
$1,300 $1,000 $1,100

Scores at the end of the Jeopardy! Round:

Dylan Trucle Jill
$1,700 $2,600 $2,600

Double Jeopardy! Round responses

MEXICO
FICTIONAL CHARACTERS
FAMOUS FIRSTS
COLLEGES & UNIVERSITIES
COMPOSERS
U.S. PRESIDENTS
    $200 16
corn

Dylan
    $200 3
Carrie

Jill
    $200 1
(Henry) Ford

Dylan
    $200 11
Brigham Young University

Dylan
    $200 22
Brahms

Jill
    $200 26
Truman

Jill
    $400 17
(Jill: What is the Pacific Ocean and the Straits of Baja?)

the Pacific Ocean & the Gulf of Mexico

Jill
Triple Stumper
    $400 4
Tarzan

Dylan
    $400 2
Marie Curie

Trucle
    $400 12
Notre Dame

Dylan
    $400 23
(Jill: Who is Copland?)

George Gershwin

Jill
Triple Stumper
    $400 27
Eisenhower

Jill
    $600 18
the Aztecs

Dylan
    $600 5
David Copperfield

Dylan
    $600 8
a hot air balloon

Jill
    $600 13
Caltech (the California Institute of Technology)

Triple Stumper
    $600 24
Chopin

Jill
    $600 28
(Dylan: Who is Jefferson?)

George Washington

Dylan
Triple Stumper
    $800 19
a mariachi band

Jill
    $800 6
Crime and Punishment

Dylan
    $800 9
American Express

Dylan
    $800 14
the University of Texas (at Austin)

Dylan
    $800 25
Beethoven

Jill
    $800 29
Theodore Roosevelt

Triple Stumper
    $1000 20
(Dylan: What is Spain?)

the United States

Dylan
Triple Stumper
    $1000 7
For Whom the Bell Tolls

Triple Stumper
    $1000 10
Marbury vs. Madison

Triple Stumper
    $1,200 15
Radcliffe

Dylan
    $1000 21
Haydn

Trucle
    $1000 30
Earl

Triple Stumper

Scores at the end of the Double Jeopardy! Round:

Dylan Trucle Jill
$6,300 $4,000 $5,600

Final Jeopardy! Round responses

SCIENCE
(Alex: The symbol for [*] is I; that's a pronoun.)
...
(Alex: The symbol for [**] is He, he.)
TrucleWhat is Iodine?
$4,000
JillWhat is iodine?
$3,250
DylanWhat is Helium?
$4,000
(1 of) iodine or helium

Final scores:

Dylan Trucle Jill
$10,300 $8,000 $8,850
Automatic semifinalist 3rd place: $1,000 if eliminated 2nd place: $1,000 if eliminated

Game dynamics:

Coryat scores:

Dylan Trucle Jill
$6,400 $4,000 $5,600
17 R
(including 3 DDs),
2 W
11 R,
1 W
19 R,
2 W

Combined Coryat: $16,000

[game clues] [game scores] [suggest correction]

Game tape date: 1992-01-03
The J! Archive is created by fans, for fans. Scraping, republication, monetization, and malicious use prohibited; this site may use cookies and collect identifying information. See terms. The Jeopardy! game show and all elements thereof, including but not limited to copyright and trademark thereto, are the property of Jeopardy Productions, Inc. and are protected under law. This website is not affiliated with, sponsored by, or operated by Jeopardy Productions, Inc. Join the discussion at JBoard.tv.